000 00541cam a22001932a 4500
001 000883
003 AR-FADEU
008 311216n1982####xxu####################dd
092 _a864.44
_bC522
100 _aChertudi, Susana
245 _aFolklore literario argentino
260 _aBuenos Aires
260 _bCentro Editor de América Latina
260 _c1982
300 _a113 p
440 _aCapítulo, bibl. argentina fundamental complementaria, sociedad y cultura
_n167
650 _aLITERATURA ARGENTINA-ENSAYO
942 _cBDGR
999 _c6723
_d6723